|
|
|
|
| LEADER |
01604nam a2200397 a 4500 |
| 001 |
EBC911881 |
| 003 |
MiAaPQ |
| 005 |
20200520144314.0 |
| 006 |
m o d | |
| 007 |
cr cn||||||||| |
| 008 |
091215s2010 vau sb 001 0 eng d |
| 010 |
|
|
|z 2009052302
|
| 020 |
|
|
|z 9781579223335 (pbk. : alk. paper)
|
| 020 |
|
|
|a 9781579225452 (electronic bk.)
|
| 035 |
|
|
|a (MiAaPQ)EBC911881
|
| 035 |
|
|
|a (Au-PeEL)EBL911881
|
| 035 |
|
|
|a (CaPaEBR)ebr10545773
|
| 035 |
|
|
|a (OCoLC)646828481
|
| 040 |
|
|
|a MiAaPQ
|c MiAaPQ
|d MiAaPQ
|
| 043 |
|
|
|a n-us---
|
| 050 |
|
4 |
|a LB2342.8
|b .T97 2010
|
| 082 |
0 |
4 |
|a 659.2/937873
|2 22
|
| 100 |
1 |
|
|a Tyson, William,
|d 1949-
|
| 245 |
1 |
0 |
|a Pitch perfect
|h [electronic resource] :
|b communicating with traditional and social media for scholars, researchers, and academic leaders /
|c William Tyson ; foreword by Robert Zemsky.
|
| 250 |
|
|
|a 1st ed.
|
| 260 |
|
|
|a Sterling, Va. :
|b Stylus,
|c 2010.
|
| 300 |
|
|
|a xvi, 224 p.
|
| 504 |
|
|
|a Includes bibliographical references and index.
|
| 533 |
|
|
|a Electronic reproduction. Ann Arbor, MI : ProQuest, 2015. Available via World Wide Web. Access may be limited to ProQuest affiliated libraries.
|
| 650 |
|
0 |
|a Universities and colleges
|x Public relations
|z United States.
|
| 650 |
|
0 |
|a Communication in education
|z United States.
|
| 650 |
|
0 |
|a Mass media and education
|z United States.
|
| 650 |
|
0 |
|a College teachers
|x Professional relationships
|z United States.
|
| 655 |
|
4 |
|a Electronic books.
|
| 710 |
2 |
|
|a ProQuest (Firm)
|
| 856 |
4 |
0 |
|u https://ebookcentral.proquest.com/lib/matrademy/detail.action?docID=911881
|z Click to View
|